Tradición de tinta en la Biblioteca Nacional : (Record no. 10827)
[ view plain ]
| 000 -CABECERA | |
|---|---|
| campo de control de longitud fija | 01912nam a22003257a 4500 |
| 001 - NÚMERO DE CONTROL | |
| campo de control | BRCA_9208 |
| 003 - IDENTIFICADOR DEL NÚMERO DE CONTROL | |
| campo de control | FranzMayer |
| 005 - FECHA Y HORA DE LA ÚLTIMA TRANSACCIÓN | |
| campo de control | 20220809125737.0 |
| 008 - DATOS DE LONGITUD FIJA--INFORMACIÓN GENERAL | |
| campo de control de longitud fija | 220720b |||||||| |||| 00| 0 eng d |
| 020 ## - NÚMERO INTERNACIONAL ESTÁNDAR DEL LIBRO | |
| Número Internacional Estándar del Libro | 9786073029544 |
| 040 ## - FUENTE DE LA CATALOGACIÓN | |
| Lengua de catalogación | spa |
| Centro/agencia transcriptor | MFM |
| 041 ## - CÓDIGO DE LENGUA | |
| Código de lengua del texto/banda sonora o título independiente | spa |
| 050 ## - SIGNATURA TOPOGRÁFICA DE LA BIBLIOTECA DEL CONGRESO | |
| Número de clasificación | Z210. |
| Número de documento/Ítem | T73 2021 |
| 245 00 - MENCIÓN DE TÍTULO | |
| Título | Tradición de tinta en la Biblioteca Nacional : |
| Resto del título | historia del libro en México : siglos XVI al XXI |
| 260 ## - PUBLICACIÓN, DISTRIBUCIÓN, ETC. | |
| Lugar de publicación, distribución, etc. | Ciudad de México : |
| Nombre del editor, distribuidor, etc. | Universidad Nacional Autónoma de México, Instituto de Investigaciones Bibliográficas, |
| Fecha de publicación, distribución, etc. | 2021 |
| 300 ## - DESCRIPCIÓN FÍSICA | |
| Extensión | 261 p. : |
| Otras características físicas | il. fot. map. ; |
| Dimensiones | 22 x 22 cm. |
| 500 ## - NOTA GENERAL | |
| Nota general | Ubicación: L60-N1 |
| 500 ## - NOTA GENERAL | |
| Nota general | Incluye tabla de contenido (pp. 8-9) |
| 520 ## - SUMARIO, ETC. | |
| Sumario, etc. | Esta obra comprende desde los albores de la cultura escrita e impresa de la Nueva España hasta los años de la producción de los libros electrónicos, blogs y otras modalidades de la era digital. |
| Ampliación de la nota de sumario | Esta obra es resultado de una exposición que se presentó en tres momentos en 2017; consistió en cuatro segmentos distribuidos de la siguiente forma: primero se inauguraron dos salas correspondientes a los siglos XVI al XVII y XVIII hasta los albores del XIX. Posteriormente, se abrieron tres salas más, que correspondieron a los siglos XIX y XX al XXI, en las que incluyó en la parte final una línea del tiempo que resumía las editoriales más importantes de este último periodo. - Dr. Pablo Mora, Biblioteca Nacional de México, UNAM |
| 650 ## - PUNTO DE ACCESO ADICIONAL DE MATERIA--TÉRMINO DE MATERIA | |
| Término de materia o nombre geográfico como elemento de entrada | Libros |
| Subdivisión general | Historia |
| Subdivisión geográfica | México |
| 650 ## - PUNTO DE ACCESO ADICIONAL DE MATERIA--TÉRMINO DE MATERIA | |
| Término de materia o nombre geográfico como elemento de entrada | Imprenta |
| Subdivisión general | Historia |
| Subdivisión geográfica | México |
| 9 (RLIN) | 5745 |
| 650 ## - PUNTO DE ACCESO ADICIONAL DE MATERIA--TÉRMINO DE MATERIA | |
| Término de materia o nombre geográfico como elemento de entrada | Librerías |
| Subdivisión general | Historia |
| Subdivisión geográfica | México |
| 9 (RLIN) | 5846 |
| 650 ## - PUNTO DE ACCESO ADICIONAL DE MATERIA--TÉRMINO DE MATERIA | |
| Término de materia o nombre geográfico como elemento de entrada | Manuscritos mexicanos |
| 9 (RLIN) | 781 |
| 700 ## - PUNTO DE ACCESO ADICIONAL--NOMBRE DE PERSONA | |
| Nombre de persona | César Manrique Figueroa, |
| Término indicativo de función/relación | coord. |
| 9 (RLIN) | 28465 |
| 700 ## - PUNTO DE ACCESO ADICIONAL--NOMBRE DE PERSONA | |
| Nombre de persona | Lilia Vieyra Sánchez, |
| Término indicativo de función/relación | coord. |
| 9 (RLIN) | 28467 |
| 700 ## - PUNTO DE ACCESO ADICIONAL--NOMBRE DE PERSONA | |
| Nombre de persona | Irma Lombardo García ; |
| Término indicativo de función/relación | coord. |
| 9 (RLIN) | 28468 |
| 700 ## - PUNTO DE ACCESO ADICIONAL--NOMBRE DE PERSONA | |
| Nombre de persona | Marina Garone Gravier [y otros]. |
| Término indicativo de función/relación | inv. |
| 9 (RLIN) | 28466 |
| 942 ## - ELEMENTOS DE PUNTO DE ACCESO ADICIONAL (KOHA) | |
| Fuente del sistema de clasificación o colocación | Library of Congress Classification |
| Tipo de ítem Koha | Libros |
| Estado de retiro | Estado de pérdida | Fuente del sistema de clasificación o colocación | Estado dañado | No para préstamo | Localización permanente | Ubicación/localización actual | Fecha de adquisición | Total de préstamos | Signatura topográfica completa | Código de barras | Fecha visto por última vez | Precio válido a partir de | Tipo de ítem Koha |
|---|---|---|---|---|---|---|---|---|---|---|---|---|---|
| El ejemplar forma parte de la colección y puede ser consultado según las políticas vigentes. | Library of Congress Classification | Biblioteca del Museo Franz Mayer (Rogerio Casas-Alatriste) | Biblioteca del Museo Franz Mayer (Rogerio Casas-Alatriste) | 20/07/2022 | Z210. T73 2021 | CONT9988 | 20/07/2022 | 20/07/2022 | Libros |